Регионална библиотека "Любен Каравелов" - Русе

Въпроси на художествено-творческия процес (Запис номер 136017)

MARC детайли
000 -Лидер
Контролно поле с фиксирана дължина 01622nam a2200349 c 4500
003 - Код на организацията, давaща контролен номер
Контролно поле BLK
005 - Дата и час на последна редакция
Контролно поле 20180422111934.0
008 - Елементи от данни с фиксирана дължина
fixed length control field 180409b bul|||||r ||||||| ||bul||
010 ## - Наследен системен номер
LC control number KNG00141952000
040 ## - Източник на каталожния запис
Идентификатор на билиотеката - собственик на записа BLK
041 ## - Код за език
Код за езика на текст/звукозапис или на отделно заглавие Български
Код за езика КДБФ Български
080 ## - УДК
Текстов определител УДК Въображение. Фантазия. Форми и граници на въображението. Творчество
УДК код - определител по УДК 159.954
УДК определител
УДК - код + определител 159.954
100 1# - Редна дума - Автор
Автор Димитрова, Мария
Авторска отговорност първи автор
Автор - информация (биография) Кундурджийска, Мария Димитрова
R(LIN) 364371
139 ## - Редно поле
Редна дума Димитрова, Мария
Авторски знак Дими - Д 58
245 10 - Сведения за заглавието
Заглавие Въпроси на художествено-творческия процес
Подзаглавни данни Изследване
Редно поле (дума) Мария Димитрова; отг. ред. Стоян Стоименов.
257 ## - Страна на издаване
Страна на създаване/издаване България
260 ## - Област на издателските данни
-- София
Име на издателя, разпространителя и проч. БАН
Година на издаване 1976
300 ## - Физическа характеристика
Страници 176 с.
Размери/Мащаб 20 см
380 ## - Жанр
Жанр Философия
500 ## - Общи забележки
Забележка Изд. на БАН. Инст. по философия. - 700 тир. - Библиогр. под линия ; Рез. на рус., фр. ез.
650 #4 - Допълнително описание по предмет – тема
Основно описание – тема или топоним Психология на изкуството
9 (RLIN) 273825
650 #4 - Допълнително описание по предмет – тема
Основно описание – тема или топоним Творчество - психология
9 (RLIN) 259876
653 ## - Ключова дума – ненормативна
Ключова дума творчество
653 ## - Ключова дума – ненормативна
Ключова дума психология на изкуството
653 ## - Ключова дума – ненормативна
Ключова дума изследвания
700 1# - Други автори (авторска отговорност)
Лично име Стоименов, Стоян
Автороска отговорност (Описва отношението между автора и произведението) отг. ред.
9 (RLIN) 378848
852 ## - Местоположение
Форматна сигнатура Цб 83073
856 4# - Електронен адрес и достъп
Електронен формат pdf - файл
Път до файла /url/
856 4# - Електронен адрес и достъп
Електронен формат pdf - файл
Път до файла /url/
942 ## - АРТИКУЛИ
Вид на библиотечния материал Книги
Скрит в OPAC Не
944 ## - СЪЗДАВАНЕ И РЕДАКЦИЯ на ЗАПИСА
Създаване/Редакция Създаване
Дата на регистрацията/редакция 12.04.2013
Статус, дата на статуса 12.04.2013 - от С1,Р / 12.04.2013
Служител, извършил регистрацията/редакцията Радостина_Карадакова
944 ## - СЪЗДАВАНЕ И РЕДАКЦИЯ на ЗАПИСА
Създаване/Редакция Редакция
Дата на регистрацията/редакция 12.04.2013
Статус, дата на статуса 12.04.2013 - от С1,Р / 12.04.2013
Служител, извършил регистрацията/редакцията
999 ## - СИСТЕМНИ КОНТРОЛНИ НОМЕРА
Koha biblionumber 136017
Koha biblioitemnumber 136017
Наличности
Код за отписване Код за изгубен артикул Източник на класификационната схема Код за повреда Коз за рестрикции Код за отдаване Артикулен № Име на библиотеката - собственик Име на библиотеката, в която се намира в момента Статус (Текущо местоположение) Дата на вписване в системата Местоположение - отдел Цена в лева Инвентарен номер Систематично азбучна сигнатура Баркод Номер на екземпляра Цена в евро Служебна бележка Служебен тип на артикула
  Не е изгубен Universal Decimal Classification Не е повреден само за читалня ползва се в читалня 222337 Регионална библиотека "Любен Каравелов" Русе Регионална библиотека "Любен Каравелов" Русе Хранилище 1976-01-01 Хранилище 1.27 214842 Цб 83073 120000214842 1 0.65 Дата: 01.01.1976 Книги
Изтеглен Не е изгубен Universal Decimal Classification Не е повреден без рестрикции заемане за дома 222338 Регионална библиотека "Любен Каравелов" Русе Регионална библиотека "Любен Каравелов" Русе Заемна - подръчен фонд 1976-01-01 Заемна - подръчен фонд 1.27 220631 П 159.9/Д 58 220631 2 0.65 Дата: 01.01.1976 Дата инв: 01.02.2018 Бележки инв: П2018 Книги
Vip Innovations Ltd, Rousse, Bulgaria 2025